| 000 | 00670nam a2200205 a 4500 | ||
|---|---|---|---|
| 005 | 20240913063811.0 | ||
| 008 | 991125s1956 mx 000 0 spa u | ||
| 035 | _aUPN01000006022 | ||
| 049 | _aCG | ||
| 050 | 4 |
_aE169 _bN4.28 1956 |
|
| 100 | 1 | _aNevins, Allan | |
| 245 | 1 | 0 |
_aBreve historia de los Estados Unidos : _bbiografía de un pueblo libre / _cAllan Nevins y Henry Steele Commager ; tr. Florentino M. Torner. |
| 250 | _a2a ed. | ||
| 260 |
_aMéxico : _bCompañía General de Ediciones, _c1956. |
||
| 300 | _a464 p. | ||
| 440 | 0 | _aIdeas, letras y vida | |
| 651 | 4 |
_aEstados Unidos _xHistoria _920434 |
|
| 700 | 1 |
_aCommager, Henry Steele, _ecoaut. |
|
| 905 | _aLibro | ||
| 999 |
_c6022 _d6022 |
||